000 01146nam0a22002651 4500
001 rc\2848872
005 20250529204143.0
035 _a(NLR Aleph) 007004213
090 _a5751391
_c5751391
100 _a20110704d1932 |||y0rusy50 ca
101 0 _arus
102 _aRU
105 _aa z |||||
200 1 _aРуководство к лабораторным работам по техническому анализу для теплотехников
_fА.Н. Померанский
_gПод ред. проф. Д.Л. Тагеева
_gИнж.-техн. о-во при Лесотехн. акад.
210 _aЛенинград
_cизд-во Кубуч
_d1932
_gТип. изд-ва Леноблисполкома и Совета
215 _aОбл., 95 с.
_cил.
_d23х15 см
320 _aБиблиогр.: "Литературные источники" (29 назв.)
700 1 _aПомеранский
_bА.Н.
_gАлександр Николаевич
702 1 _aТагеев
_bД.Л.
_4340
801 0 _aRU
_bNLR
_gpsbo
801 1 _aRU
_bELAR
_2rusmarc
852 _aNLR
_j32-11/2210
942 _cBOOK
980 _aNB